MARC details
| 000 -LEADER |
| fixed length control field |
00939 a2200277 4500 |
| 001 - CONTROL NUMBER |
| control field |
200130887 |
| 003 - CONTROL NUMBER IDENTIFIER |
| control field |
TR-AnTOB |
| 005 - DATE AND TIME OF LATEST TRANSACTION |
| control field |
20241018094318.0 |
| 008 - FIXED-LENGTH DATA ELEMENTS--GENERAL INFORMATION |
| fixed length control field |
131127s2003 tu 000 0 |
| 020 ## - INTERNATIONAL STANDARD BOOK NUMBER |
| International Standard Book Number |
9755612440 |
| 040 ## - CATALOGING SOURCE |
| Original cataloging agency |
TR-AnTOB |
| 041 ## - LANGUAGE CODE |
| Language code of text/sound track or separate title |
Türkçe |
| 050 ## - LIBRARY OF CONGRESS CALL NUMBER |
| Classification number |
HV551.5.T9 |
| Item number |
U48 2003 |
| 090 ## - LOCALLY ASSIGNED LC-TYPE CALL NUMBER (OCLC); LOCAL CALL NUMBER (RLIN) |
| Classification number (OCLC) (R) ; Classification number, CALL (RLIN) (NR) |
HV551.5 .T9 U48 2003 |
| 245 10 - TITLE STATEMENT |
| Title |
Ulusal acil durum yönetimi modeli araştırması / |
| Statement of responsibility, etc. |
İTÜ AYM Araştırma grubu Sinan Mert Şener ...[ve öte.]. |
| 264 #1 - PRODUCTION, PUBLICATION, DISTRIBUTION, MANUFACTURE, AND COPYRIGHT NOTICE |
| Place of production, publication, distribution, manufacture |
İstanbul : |
| Name of producer, publisher, distributor, manufacturer |
İTÜ Afet Yönetimi Merekzi, |
| Date of production, publication, distribution, manufacture, or copyright notice |
2003 |
| 300 ## - PHYSICAL DESCRIPTION |
| Extent |
145 sayfa ; |
| Dimensions |
30 cm. |
| 650 #7 - SUBJECT ADDED ENTRY--TOPICAL TERM |
| Topical term or geographic name entry element |
Doğal afetler |
| Source of heading or term |
etuturkob |
| 9 (RLIN) |
9213 |
| 650 #0 - SUBJECT ADDED ENTRY--TOPICAL TERM |
| Topical term or geographic name entry element |
Natural disasters |
| General subdivision |
History |
| Geographic subdivision |
Turkey |
| 9 (RLIN) |
13327 |
|
| Topical term or geographic name entry element |
Acil yönetimi |
| Geographic subdivision |
Türkiye |
| 9 (RLIN) |
33669 |
|
| Topical term or geographic name entry element |
Earthquakes |
| General subdivision |
Environmental aspects |
| Geographic subdivision |
Turkey |
| 9 (RLIN) |
88371 |
|
| Topical term or geographic name entry element |
Depremler |
| General subdivision |
Çevresel Yönleri |
| Geographic subdivision |
Türkiye |
| 9 (RLIN) |
94260 |
|
| Topical term or geographic name entry element |
Acil durum yönetimi |
| Geographic subdivision |
Türkiye |
| Source of heading or term |
etuturkob |
| 9 (RLIN) |
94262 |
| 942 ## - ADDED ENTRY ELEMENTS (KOHA) |
| Koha item type |
Book |